Ti vedo meglio al buio

Saved in:
Bibliografiske detaljer
Hovedforfatter: Chi Una
Format: Bog
Sprog:ukendt sprog
Udgivet: Milano Es 1998
Tags: Tilføj Tag
Ingen Tags, Vær først til at tagge denne postø!

MARC

LEADER 00000nam a2200000Ia 4500
001 132
003 NUMERAZIONE-ORIGINALE-BRESCIA
005 20260206230748.0
008 260206s9999 xx 000 0 und d
100 |a Chi Una 
245 0 |a Ti vedo meglio al buio 
260 |a Milano 
260 |b Es 
260 |c 1998 
500 |a Biblioteca dell'Eros 
942 |2 ddc  |c BK  |n 0 
952 |0 0  |1 0  |2 ddc  |4 0  |6 23  |7 0  |9 28322  |a BS  |b BS  |d 2026-02-06  |i 132  |l 0  |o 2-3-*  |r 2026-02-06 22:40:32  |w 2026-02-06  |x [REVISIONARE]  |y BK 
999 |c 24013  |d 24013